00453nam a22001457a 4500003000400000005001700004008004100021040001100062041001200073100005700085245003200142260005300174650002200227856005800249OSt20260209124924.0260209b |||||||| |||| 00| 0 eng d cMRSPTU aEnglish aParminder Singh, Supervisor: Dr. Rakesh Kumar Singla aEffects of Fire on Concrete bDepartment of Civil Engg. MRSPTU, Bathindac2014 aCivil Engineering uhttp://163.47.215.52:8080/jspui/handle/123456789/1091